Il Mondo Alla Fina Deltempo

Uloženo v:
Podrobná bibliografie
Hlavní autor: Federik Phol
Médium: Kniha
Jazyk:neznámý jazyk
Vydáno: Sperling &Kupfer
Tagy: Přidat tag
Žádné tagy, Buďte první, kdo vytvoří štítek k tomuto záznamu!

MARC

LEADER 00000nam a2200000Ia 4500
001 R-1791
003 CODICE-MESSINA
005 20260212102522.0
008 260211s9999 xx 000 0 und d
040 |c importazione_messina 
100 |a Federik Phol 
245 0 |a Il Mondo Alla Fina Deltempo 
260 |b Sperling &Kupfer  
942 |2 ddc  |c BK 
952 |0 0  |1 0  |2 ddc  |4 0  |6 SCAFFALE_18_000000000000000__STANZA_2__ROMANZI  |7 0  |9 32632  |a ME  |b ME  |d 2026-02-11  |l 0  |o SCAFFALE 18 - STANZA 2 - ROMANZI  |p R-1791  |r 2026-02-11 23:53:18  |w 2026-02-11  |x [REVISIONARE]  |y BK 
999 |c 28299  |d 28299